Manual of graphic technique 3 for architects, graphic designers & artists

Bibliographic Details
Main Author: Porter, Tom
Format: Book
Published: London : Butterworth Architecture , 1983
Subjects:

MARC

LEADER 00000cam a2200000 7i4500
001 0000003658
005 20050419.0
020 |a 0408500085 
040 |a INS 
090 0 0 |a NC1000.   |b P666 1983 
100 1 |a Porter, Tom 
245 1 0 |a Manual of graphic technique 3 for architects, graphic designers & artists   |c Tom Porter 
260 |a London :   |b Butterworth Architecture ,   |c 1983 
300
650 0 0 |a Graphic arts 
999 |a 0000006146   |b BOOK   |c Open Shelf   |e Default branch